25 Największych miast we Włoszech na mapie - Statystyki

Ogólne statystyki
  • Ten quiz został rozwiązany 50 razy
    46 od ostatniego zresetowania
  • Średni wynik to 13 z 25
Odpowiedzi na mapie
Odpowiedzi zakodowano w zielono-czerwonej skali na mapie do tego quizu, zgodnie z poniższymi procentami.
 
Statystyki odpowiedzi
Miasto Populacja % Poprawnych
Rzym 2,7 mln
100%
Mediolan 1,3 mln
97%
Neapol 910 tys
97%
Turyn 860 tys
97%
Florencja 360 tys
86%
Wenecja 250 tys
83%
Bari 320 tys
79%
Bolonia 390 tys
76%
Genua 560 tys
76%
Palermo 620 tys
72%
Werona 260 tys
69%
Katania 300 tys
55%
Triest 200 tys
55%
Parma 200 tys
52%
Padwa 210 tys
45%
Mesyna 220 tys
34%
Modena 185 tys
34%
Brescia 200 tys
31%
Tarent 185 tys
24%
Perugia 160 tys
21%
Ravenna 155 tys
14%
Reggio di Calabria 170 tys
14%
Livorno 150 tys
10%
Prato 200 tys
3%
Reggio nell'Emilia 170 tys
3%
Nie znaleziono quizów pasujących do podanych kryteriów
Rozkład punktacji
Procent ludzi z każdym wynikiem
Percentyl według liczby udzielonych odpowiedzi
Twoja historia wyników
Nie rozwiązałeś tego quizu od ostatniego zresetowania